|
|
|
|
| LEADER |
00980nam a2200277 a 4500 |
| 001 |
000682955 |
| 003 |
CZ BrMZK |
| 005 |
20170130090315.0 |
| 007 |
ta |
| 008 |
030820s1950 xr f cze d |
| 015 |
|
|
|a cnb000678024
|
| 040 |
|
|
|a BOA001
|b cze
|c BOA001
|
| 041 |
1 |
|
|a cze
|h rus
|
| 100 |
1 |
|
|a Èrenburg, Il‘ja Grigor‘jevič,
|d 1891-1967
|7 jn19990210194
|4 aut
|
| 245 |
1 |
0 |
|a Pád Paříže :
|b román /
|c Ilja Erenburg ; z ruského originálu přeložila Raisa Novotná
|
| 250 |
|
|
|a 4. vyd.
|
| 260 |
|
|
|a V Praze :
|b Práce,
|c 1950
|
| 300 |
|
|
|a 555, [2] s.
|
| 490 |
1 |
|
|a Příliv
|
| 500 |
|
|
|a Přeloženo z ruštiny
|
| 700 |
1 |
|
|a Novotná, Raisa,
|d 1919-
|7 jk01090626
|4 trl
|
| 830 |
|
0 |
|a Příliv
|0 s
|
| 910 |
|
|
|a BOA001
|b PK-II-0032.336
|b 2-0255.839
|
| 990 |
|
|
|a BK
|
| 996 |
6 |
|
|b 2619636653
|c 2-0255.839
|l MZK
|r Sklad / do 24 hodin
|n 0
|w 000682955
|u 000030
|a 1
|e BOA001
|j MZK50
|s P
|
| 996 |
7 |
|
|b 3119685887
|c PK-II-0032.336
|l MZK
|r Sklad / do 1 hodiny
|n 0
|w 000682955
|u 000010
|a 1
|e BOA001
|j MZK50
|s A
|